10-kirjaimiset pääkaupungit - Statistics

Yleistilastot
  • Tätä visaa on pelattu 60 kertaa
  • Keskiarvotulos 8 / 14
Vastaustilastot
Maanosa Pääkaupunki % Oikein
Oseania Wellington
79%
Etelä-Amerikka Montevideo
71%
Eurooppa Bratislava
67%
Afrikka Addis Abeba
63%
Etelä-Amerikka Georgetown
63%
Pohjois-Amerikka Basseterre
58%
Etelä-Amerikka Paramaribo
58%
Pohjois-Amerikka Saint John’s
58%
Pohjois-Amerikka Bridgetown
54%
Afrikka Libreville
54%
Pohjois-Amerikka Mexico City
54%
Afrikka Nouakchott
54%
Pohjois-Amerikka Panama City
54%
Aasia Kuwait City
46%
Ehtoja vastaavia visoja ei löytynyt
Tulosjakauma
Jokaisen tuloksen saaneiden osuus
Persentiili vastausten määrän mukaan
Tuloshistoriasi
Et ole pelannut tätä visaa